Normal view
MARC view
Entry Personal Name
001 - CONTROL NUMBER
- control field: 11071
003 - CONTROL NUMBER IDENTIFIER
- control field: OSt
005 - DATE AND TIME OF LATEST TRANSACTION
- control field: 20160919131617.0
008 - FIXED-LENGTH DATA ELEMENTS
- fixed length control field: 160919|| aca||aabn | a|a d
040 ## - CATALOGING SOURCE
- Original cataloging agency: OSt
- Transcribing agency: OSt
100 ## - HEADING--PERSONAL NAME
- Personal name: Barker,D.J.P;Hall,A.J.Hall;
670 ## - SOURCE DATA FOUND
- Source citation: Work cat.: (OSt): Barker,D.J.P;Hall,A.J.Hall;, Practical Epidemiology., 1991.
